banner-ar

موسوعة الخط الكوفى / (Record no. 61724)

MARC details
000 -الفاتح
حقل البيانات ثابتة الطول 01513nam a22003017a 4500
005 - وقت وتاريخ اخر تعامل مع التسجيلة
رقم الضبط 20240530110513.0
008 - عناصر البيانات ثابتة الطول - معلومات عامة
حقل البيانات ثابتة الطول 151217s2013 ua aop g b 000 0 ara d
017 ## - رقم الايداع القانونى
رقم الايداع القانونى 2012/14880
المصدر ( الهيئة المختصة) مصر . دار الكتب المصرية
020 ## - الرقم الدولى المعيارى للكتب
الرقم الدولى المعيارى للكتاب 9789776413030
040 ## - مصدر الفهرسة
وكالة الفهرسة الأصلية EG-CaGPL
082 04 - رقم تصنيف ديوى العشرى
رقم الطبعة 21
رقم التصنيف 745.61911\
رقم المادة م ع
100 0# - المدخل الرئيسى - إسم شخصى
الإسم الشخصى علاءالدين عبدالعال عبدالحميد
245 10 - بيان العنوان
العنوان موسوعة الخط الكوفى /
بيان المسئوليه,etc اعداد علاءالدين عبدالعال عبدالحميد
رقم الجزء/قسم العمل المجلد الاول .
اسم جزء/قسم العمل النقوش الكتابية فى العصر الايوبى
رقم الجزء/قسم العمل المجلد الثانى .
اسم جزء/قسم العمل النقوش الكتابية فى العصر المملوكى
رقم الجزء/قسم العمل المجلدالثالث .
اسم جزء/قسم العمل النقوش الكتابية فى العصرالعثمانى
250 ## - بيان الطبعة
بيان الطبعة ط1
260 ## - PUBLICATION, DISTRIBUTION, ETC. (IMPRINT)
تاريخ النشر أو التوزيع 2013 .
300 ## - الوصف المادى
التعداد 3 مج :
تفاصيل ماديه اخرى للوعاء ايض ؛
أبعاد الوعاء 24 سم .
504 ## - تبصرة ببليوجرافية
تبصرة ببليوجرافية,الخ يشتمل على ارجاعات ببليوجرافية
650 04 - المدخل الاضافى بالموضوع-مصطلح موضوعى
مصطلح موضوعي الحضارة الاسلامية
650 04 - المدخل الاضافى بالموضوع-مصطلح موضوعى
مصطلح موضوعي الخط العربى
650 04 - المدخل الاضافى بالموضوع-مصطلح موضوعى
مصطلح موضوعي الخط الكوفى
650 04 - المدخل الاضافى بالموضوع-مصطلح موضوعى
مصطلح موضوعي النقوش الاسلامية
650 04 - المدخل الاضافى بالموضوع-مصطلح موضوعى
مصطلح موضوعي الاثار الاسلامية
650 04 - المدخل الاضافى بالموضوع-مصطلح موضوعى
مصطلح موضوعي الخط الكوفى
التقسيم الفرعي الزمني العصر الايوبى
650 04 - المدخل الاضافى بالموضوع-مصطلح موضوعى
مصطلح موضوعي الخط الكوفى
التقسيم الفرعي الزمني العصر المملوكى
650 04 - المدخل الاضافى بالموضوع-مصطلح موضوعى
مصطلح موضوعي الخط الكوفى
التقسيم الفرعي الزمني العصر العثمانى
942 ## - عناصر المدخل الإضافي( كوها)
مصدر التصنيف او مخطط الترفيف Dewey Decimal Classification
Koha [default] item type كتاب
260 ## - PUBLICATION, DISTRIBUTION, ETC. (IMPRINT)
-- الاسكندرية :
-- دار الوفاء لدنيا الطباعة و النشر ،
Holdings
حالة التراجع حالة الفقد حالة تلف ليس للاعارة المكان المؤقت الموقع الحالى تاريخ الاكتساب اجمالي اﻻعارات رقم الطلب الباركود تاريخ اخر مشاهدة تاريخ تفعيل السعر نوع وعاء كوها
        مكتبة القاهرة الكبرى مكتبة القاهرة الكبرى 12/17/2015   745.61911\ م ع 161080 12/17/2015 12/17/2015 كتاب
        مكتبة القاهرة الكبرى مكتبة القاهرة الكبرى 12/17/2015   745.61911\ م ع 161081 12/17/2015 12/17/2015 كتاب
        مكتبة القاهرة الكبرى مكتبة القاهرة الكبرى 12/17/2015   745.61911\ م ع 161082 12/17/2015 12/17/2015 كتاب

Powered By

EGPV